| 000 | 004670000a22001810004500 | ||
|---|---|---|---|
| 003 | MACL | ||
| 005 | 20160120125018.0 | ||
| 008 | 160120b xxu||||| |||| 00| 0 eng d | ||
| 040 |
_aMACL _cMACL |
||
| 041 | _aEnglish | ||
| 082 | _a340/SIN | ||
| 100 |
_aSingh, S M Saranjeet _933589 |
||
| 245 |
_aObjective Law _bUPSC Civil services Preliminary |
||
| 260 |
_bBright Careers Institute _aNewDelhi |
||
| 350 | _a400 | ||
| 650 |
_aLaw _933591 |
||
| 942 |
_cBK _k340/SIN _2ddc |
||
| 999 |
_c31974 _d31974 |
||